Mito y metafísica: introducción a la filosofía

Salvato in:
Dettagli Bibliografici
Autore principale: Gusdorf, Georges (Autore)
Natura: Libro
Lingua:spagnolo
Pubblicazione: Buenos Aires Nova 1960
Serie:Colección La Vida del Espiritu
Soggetti:
Tags: Aggiungi Tag
Nessun Tag, puoi essere il primo ad aggiungerne!!

MARC

LEADER 00000nam a2200000 a 4500
001 UCU5771
003 CL-VaPUC
008 960614e19600000AG |||||||||||||||||spa|d
082 0 4 |a 101  |b GUS  |2 21 
100 |a Gusdorf, Georges  |e author  |9 363753 
245 1 0 |a Mito y metafísica: introducción a la filosofía 
300 |a 287 p 
942 |c BK 
945 |d 19960614 00:00:00  |a rbrito 
260 |a Buenos Aires  |b Nova  |c 1960 
650 0 |a Filosofía   |9 223554 
650 0 |a Mitología   |9 255719 
650 0 |a Metafísica  |9 265649 
650 0 |a Conciencia  |9 309452 
650 7 |a SER  |2 CL-VaPUC  |9 320176 
650 7 |a COSMO  |2 CL-VaPUC  |9 363754 
650 0 |a Ego  |9 310449 
650 0 |a Existencialismo  |9 265698 
583 |a last modification  |c 19960614 00:00:00  |k Rodrigo Vera 
490 0 |a Colección La Vida del Espiritu 
999 |c 248960  |d 248958 
952 |0 0  |1 0  |4 0  |6 101_000000000000000_GUS_1960  |7 0  |8 P  |9 265925  |a BIBEDU  |b BIBEDU  |c BIBEDU_PB  |d 2019-11-19  |i 312603K  |o 101 GUS 1960  |p 312603K  |r 2024-01-25  |w 2019-11-19  |y BK  |k FIL 
952 |0 0  |1 0  |4 0  |6 101_000000000000000_GUS_1960  |7 0  |8 A  |9 265926  |a BIBTEO  |b BIBTEO  |d 2019-11-19  |i 337050K  |o 101 GUS 1960  |p 337050K  |r 2025-01-17  |w 2019-11-19  |y BK  |k ICR